000 02338nas1a22003491i 4500
001 RU\NLR\INFOCOMM16\1000006148
005 20240726092436.0
035 _a(NLR Aleph) 002646935
090 _a3835662
_c3835662
100 _a20031229b19571960|||y0rusy50 ca
101 0 _arus
102 _aRU
110 _azyu||||0|y0
200 1 _aВ помощь учителю
_fКуйбышевский гос.пед.ин-т им.В.В.Куйбышева
207 1 _aВып.1-8
210 _aКуйбышев
_d1957-1960
300 _aПосле вып.8(1960) изд.не нумеруется, выходит под разными назв.
801 1 _aRU
_bInfoComm
_c20031229
801 0 _aRU
_bNLR
_gPSBO
852 _aNLR
_jП28/818
942 _cSE
980 _aRUSPER